[Event "GER-chT Universities"]
[Site "Augsburg"]
[Date "2010.10.08"]
[Round "5.3"]
[White "Sohl, Jan"]
[Black "Zarubin, Ilja"]
[Result "1-0"]
[WhiteElo "2133"]
[BlackElo "1743"]
[PlyCount "87"]
[EventDate "2010.10.06"]
[EventType "team-swiss"]
[EventRounds "6"]
[EventCountry "GER"]
[SourceTitle "EXT 2016"]
[Source "ChessBase"]
[SourceDate "2015.10.08"]
[SourceVersion "1"]
[SourceVersionDate "2015.10.08"]
[SourceQuality "1"]
[WhiteTeam "Mannheim Uni"]
[BlackTeam "Muenster Uni II"]
[WhiteTeamCountry "GER"]
[BlackTeamCountry "GER"]

1. e4 d6 2. d4 Nf6 3. Nc3 g6 4. h3 c6 5. a4 Nbd7 6. Be3 Bg7 7. Nf3 Qc7 8. a5 0-0 9. Be2 e5 10. 0-0 Re8 11. dxe5 dxe5 12. Bc4 Nf8 13. Nd2 Ne6 14. Nb3 Bf8 15. Qf3 Nh5 16. Rfd1 Nhf4 17. Rd2 Bb4 18. h4 Be7 19. g3 Nh3+ 20. Kg2 h5 21. Kh2 Nef4 22. Bc5 Bxc5 23. Nxc5 g5 24. Nd3 g4 25. Qe3 Ne6 26. Ne2 Kg7 27. c3 Qe7 28. b4 Qf6 29. Nec1 Nf8 30. Nb3 Ng6 31. Nbc5 Rb8 32. b5 b6 33. axb6 axb6 34. Na6 Rb7 35. Nab4 cxb5 36. Bxb5 Rd8 37. Nd5 Qd6 38. N3b4 f5 39. exf5 Bxf5 40. Rda2 e4 41. Ra7 Rdb8 42. Bc6 Rxa7 43. Rxa7+ Kg8 44. Qh6 1-0

[Event "Muensterland Verbandsklasse-A 0910"]
[Site "Germany"]
[Date "2010.03.20"]
[Round "8.3"]
[White "Zarubin, Ilja"]
[Black "Bienhuels, Michael"]
[Result "1/2-1/2"]
[WhiteElo "1757"]
[BlackElo "1785"]
[PlyCount "46"]
[EventDate "2009.09.19"]
[EventType "team-tourn"]
[EventRounds "9"]
[EventCountry "GER"]
[SourceTitle "EXT 2011"]
[Source "ChessBase"]
[SourceDate "2010.11.26"]
[SourceVersion "1"]
[SourceVersionDate "2010.11.26"]
[SourceQuality "1"]
[WhiteTeam "Muenster SK IV"]
[BlackTeam "Duelmen"]
[WhiteTeamCountry "GER"]
[BlackTeamCountry "GER"]

1. e4 c5 2. c3 d6 3. d4 Nf6 4. Bd3 e5 5. dxe5 dxe5 6. Nf3 Nc6 7. 0-0 Bg4 8. Qe2 Be7 9. Rd1 Qc7 10. Nbd2 0-0 11. Nf1 Nh5 12. h3 Nf4 13. Bxf4 Bxf3 14. Qxf3 exf4 15. Bc4 Bg5 16. Bd5 Ne5 17. Qe2 f3 18. gxf3 Ng6 19. Ng3 Qf4 20. Nh5 Qh4 21. f4 Bxf4 22. Qg4 Qxg4+ 23. hxg4 Rab8 1/2-1/2

[Event "NRW-chT U12"]
[Site "Hagen"]
[Date "2001.03.11"]
[Round "3.1"]
[White "Pilat, Daniel"]
[Black "Zarubin, Ilja"]
[Result "1-0"]
[WhiteElo "1140"]
[BlackElo "1110"]
[PlyCount "79"]
[EventDate "2001.03.??"]
[EventType "team"]
[EventRounds "3"]
[EventCountry "GER"]
[SourceTitle "EXT 2003"]
[Source "ChessBase"]
[SourceDate "2002.11.25"]
[SourceVersion "1"]
[SourceVersionDate "2002.11.25"]
[SourceQuality "1"]

1. d4 Nf6 2. c4 e6 3. Nc3 d5 4. c5 b6 5. b4 c6 6. Bg5 Be7 7. e3 0-0 8. Bd3 Nbd7 9. Qc2 h6 10. Bh4 Bb7 11. Nf3 Qc7 12. 0-0 b5 13. Bg3 Qd8 14. Rab1 a5 15. a3 axb4 16. axb4 Ra3 17. Ra1 Qa8 18. Qb2 Rxa1 19. Rxa1 Qc8 20. h3 Kh8 21. Qd2 Bd8 22. Bc2 Bc7 23. Qd3 Bxg3 24. fxg3 g6 25. Rf1 Qe8 26. e4 Qe7 27. e5 Ne8 28. Qe3 Kh7 29. h4 f5 30. exf6 Nexf6 31. Qd3 Qg7 32. Ne2 Ne4 33. h5 Kg8 34. Qe3 Ndf6 35. Nd2 Nxd2 36. Qxd2 g5 37. g4 Nxg4 38. Rxf8+ Qxf8 39. Qe1 Qf6 40. Bg6 1-0